| 000 | 00653nam a2200205Ia 4500 | ||
|---|---|---|---|
| 003 | GCL | ||
| 008 | 140319s9999 xx 000 0 ara d | ||
| 040 |
_aGCL / _cGCL |
||
| 082 | 0 | 4 |
_a811.5 _bم ا |
| 100 | 1 | _aابوالعباس احمد بن يحيى ثعلب | |
| 245 | 1 | 0 |
_aمجالس ثعلب / _cابوالعباس احمد بن يحيى ثعلب |
| 300 | _aمتعدد | ||
| 490 |
_aذخائر العرب _v0 |
||
| 650 | 0 | 4 | _aالشعر العربى |
| 650 | 0 | 4 | _aالتراث |
| 650 | 0 | 4 | _aالقصائد والدواوين |
| 650 | 0 | 4 | _aالتراث العربى |
| 650 | 0 | 4 | _aالدولة العباسية الثانية |
| 942 |
_2ddc _cBK |
||
| 999 |
_c41184 _d41184 |
||